On This Day: April 23rd II Quiz Stats

 Plays Quiz Updated Apr 23, 2018

Score 0/7 Timer 03:00
0 Plays Today
Question Answer Wrong Answers
The city of Key West, ______, declares the establishment of the Conch Republic in a tongue-in-cheek secession, maintaining this title as a tourist booster ever since.
1982
Florida
94.9%
Hawaii
1.4%
California
1.4%
South Carolina
0.8%
This American singer-songwriter, a co-founder of the Traveling Wilburys known for hits like ‘Oh, Pretty Woman’, is born.
1936
Roy Orbison
87.6%
Johnny Cash
2.6%
Bob Dylan
4%
Buddy Holly
4.9%
Cardiff City, based in ______, defeats Arsenal in the FA Cup Final, the only time it has been won by a team not based in England.
1927
Wales
81.5%
Ireland
6.4%
France
3.2%
Scotland
8.3%
This American singer-songwriter releases her 6th studio album, ‘Lemonade’, with a sixty-five-minute film on HBO.
2016
Beyoncé
64.8%
Rihanna
6.8%
Lady Gaga
13.6%
Taylor Swift
13%
Loretta Lynch is confirmed as the first African-American female US Attorney General, succeeding this man.
2015
Eric Holder
60.4%
Jeff Sessions
17.6%
Michael Mukasey
6.9%
Alberto Gonzales
13.4%
_____ Latin School, the first public school in what would become the United States, is established.
1635
Boston
60%
New York
13.3%
Albany
5.1%
Philadelphia
21.5%
Russia launches Soyuz 1, manned by _____, who would later become the first human to die on a space mission.
1967
Vladimir Komarov
24%
Yuri Gagarin
51.8%
Sergei Krikalev
14.3%
Aleksandr Kaleri
8.6%

You're not logged in!

Compare scores with friends on all Sporcle quizzes.
OR
Log In

Sporcle TV

Today on Sporcle TV


Watch our educational content, quiz creation guides, and fun videos on Sporcle TV.

Show Comments

Extras

Top Quizzes Today


Score Distribution

Your Account Isn't Verified!

In order to create a playlist on Sporcle, you need to verify the email address you used during registration. Go to your Sporcle Settings to finish the process.

Report this User

Report this user for behavior that violates our Community Guidelines.

Details: